000 00320nam a2200133Ia 4500
008 240624s9999 xx 000 0 und d
041 _aeng
082 _a891.46 KHE
100 _aKHERA SHIV
245 _aYASH TUMCHYA HATAAT
260 _c2012
_aNew Delhi
_bMacmillan
300 _a304 : p. : cm. ; 21
365 _cRS
_b32
999 _c21653
_d21653